00934nam a2200241 a 4500001000400000003001000004005001700014008004100031020001800072040002500090080002100115245018000136260003100316300002700347500002200374504002500396650002600421650005900447650006200506700004600568700003700614700004100651923BR-CuiBMT20231123013844.0231122s2016 prba 000 0 por d a9788547300609 aBR-CuiBMTcBR-CuiBMT 22007a37.091:00500aGestão educacional :bsistemas e conselhos municipais de educação /cBartolomeu José Ribeiro de Sousa, Regina Aparecida da Silva, Sandra Regina Geiss Lorensini [org.]. aCuritiba :bAppris,c2016. a183 p. :bil. ;c22 cm aVários autores. aInclui bibliografia. aGestão educacional  aEscola públicasvOrganização e administração aAmbiente educacionalxOrganização e administração1 aSousa, Bartolomeu José Ribeiro de4org.1 aSilva, Regina Aparecida da4org.1 aLorensini, Sandra Regina Geiss4org.